000 00293nam a2200133Ia 4500
100 _aLipschutz/Scymour
942 _cBK
654 _aProbablity
245 _aTheory & Problems Of Probablity
260 _bMcGraw Hill
_aNEWYORK
_c1968
082 _a519.2
300 _a153
546 _aENGLISH
999 _c17926
_d17926